| 000 | 01797nam a2200241Ia 4500 | ||
|---|---|---|---|
| 008 | 260220t2004||||xx |||||||||||||| ||spa|| | ||
| 020 | _a9290436581 | ||
| 040 |
_aPY-SlUNAC _bspa _erda |
||
| 041 | _aspa | ||
| 082 |
_a633 _bIp2m |
||
| 245 | 0 | _aManejo de la diversidad de los cultivos en los agroecosistemas tradicionales | |
| 264 |
_aRoma : _bIPGRI, _c℗2004. |
||
| 300 | _a1 volumen | ||
| 520 | _aEl libro "Manejo de la diversidad de los cultivos en los agroecosistemas tradicionales", publicado por el IPGRI en 2004, aborda la importancia de la diversidad genética en los cultivos como un recurso clave para la sostenibilidad de los agroecosistemas. A través de un enfoque multidisciplinario, se exploran las prácticas tradicionales de cultivo que han permitido a las comunidades agrícolas adaptarse a condiciones ambientales cambiantes y a desafíos como el cambio climático. Se analiza cómo la diversidad de cultivos contribuye a la resiliencia de los ecosistemas, a la seguridad alimentaria y a la conservación del patrimonio agrícola. El texto también incluye estudios de caso que ilustran la implementación de estrategias efectivas para el manejo de la diversidad, destacando el papel de los agricultores locales en la conservación y mejora de variedades. En conjunto, el libro subraya la necesidad de integrar conocimientos tradicionales y modernos para promover sistemas agrícolas más sostenibles y equitativos, enfatizando la relevancia de la diversidad en la producción alimentaria global. | ||
| 653 | _aAgricultura sostenible | ||
| 653 | _aAgroecosistemas | ||
| 653 | _aDiversidad genética | ||
| 942 |
_b2026/02/17 _cBK |
||
| 999 |
_c8640 _d8640 |
||